[Event "BI-2012-P-00017"]
[Site "LSS email"]
[Date "2012.04.20"]
[Round "?"]
[White "Montenegro Chamorro, Jose Antonio"]
[Black "Cabrera Trujillo, Claudio Tomas"]
[Result "1-0"]
[WhiteElo "1048"]
[BlackElo "1013"]
[PlyCount "41"]
[EventDate "2012.04.22"]
[EventType "tourn (corr)"]
[EventRounds "10"]
[EventCountry "GER"]
[SourceTitle "Telechess CBM 161"]
[Source "ChessBase"]
[SourceDate "2014.07.16"]
[SourceVersion "1"]
[SourceVersionDate "2014.07.16"]
[SourceQuality "1"]

1. e4 e5 2. Nf3 Nc6 3. Bb5 a6 4. Ba4 Nf6 5. 0-0 b5 6. Bb3 Be7 7. Re1 0-0 8. d4 d6 9. c3 h6 10. Nbd2 Bb7 11. Qe2 exd4 12. cxd4 Nb8 13. a4 c6 14. Nh4 Re8 15. Qd3 Nbd7 16. Nf5 Bf8 17. Qg3 Nh5 18. Qg6 Kh8 19. Qxf7 Be7 20. Qxh5 Nf6 21. Qf7 1-0

[Event "BI-2012-P-00017"]
[Site "LSS email"]
[Date "2012.04.20"]
[Round "?"]
[White "Montenegro Chamorro, Jose Antonio"]
[Black "Ramponelli, Roberto"]
[Result "0-1"]
[WhiteElo "1048"]
[BlackElo "2116"]
[PlyCount "60"]
[EventDate "2012.04.22"]
[EventType "tourn (corr)"]
[EventRounds "10"]
[EventCountry "GER"]
[SourceTitle "Telechess CBM 161"]
[Source "ChessBase"]
[SourceDate "2014.07.16"]
[SourceVersion "1"]
[SourceVersionDate "2014.07.16"]
[SourceQuality "1"]

1. e4 c5 2. Nf3 d6 3. d4 cxd4 4. Nxd4 Nf6 5. Nc3 a6 6. Bc4 e6 7. 0-0 b5 8. Bd3 Bb7 9. Be3 Be7 10. a4 b4 11. Na2 0-0 12. Nxb4 a5 13. Na2 Nxe4 14. Qe2 Nc5 15. Bb5 Qc7 16. Nc3 Nba6 17. Rfd1 d5 18. Qh5 Bf6 19. Be2 g6 20. Qh6 Qe7 21. f4 Ne4 22. Nxe4 dxe4 23. c3 Nc7 24. Nb3 Nd5 25. Bc5 Qc7 26. Bxf8 Rxf8 27. Bb5 Nxf4 28. Nxa5 Ba8 29. Nb3 e3 30. Rf1 Bg5 0-1

[Event "BI-2012-P-00017"]
[Site "LSS email"]
[Date "2012.04.20"]
[Round "?"]
[White "Pietrzak, Wojciech"]
[Black "Montenegro Chamorro, Jose Antonio"]
[Result "0-1"]
[WhiteElo "1523"]
[BlackElo "1048"]
[PlyCount "64"]
[EventDate "2012.04.22"]
[EventType "tourn (corr)"]
[EventRounds "10"]
[EventCountry "GER"]
[SourceTitle "Telechess CBM 161"]
[Source "ChessBase"]
[SourceDate "2014.07.16"]
[SourceVersion "1"]
[SourceVersionDate "2014.07.16"]
[SourceQuality "1"]

1. d4 d5 2. c4 e6 3. a3 Nf6 4. Nc3 Be7 5. Nf3 0-0 6. e3 Nbd7 7. b4 a5 8. b5 c5 9. bxc6 bxc6 10. Bd3 c5 11. cxd5 exd5 12. Qe2 c4 13. Bb1 Rb8 14. 0-0 Rb3 15. Bd2 Rxa3 16. Bc2 Rxa1 17. Rxa1 Bb4 18. Rb1 Ba6 19. Ng5 h6 20. Nh3 Nb6 21. Nf4 Re8 22. Na4 Nxa4 23. Bxa4 Re7 24. Qe1 Bxd2 25. Qxd2 Rb7 26. Rxb7 Bxb7 27. f3 Qb6 28. Kf2 Qb4 29. Qc2 Ba6 30. h4 Bb5 31. Bxb5 Qxb5 32. Qf5 Qb2+ 0-1

[Event "BI-2012-P-00017"]
[Site "LSS email"]
[Date "2012.04.20"]
[Round "?"]
[White "Topot, Iwan"]
[Black "Montenegro Chamorro, Jose Antonio"]
[Result "1-0"]
[WhiteElo "1746"]
[BlackElo "1048"]
[PlyCount "63"]
[EventDate "2012.04.22"]
[EventType "tourn (corr)"]
[EventRounds "10"]
[EventCountry "GER"]
[SourceTitle "Telechess CBM 161"]
[Source "ChessBase"]
[SourceDate "2014.07.16"]
[SourceVersion "1"]
[SourceVersionDate "2014.07.16"]
[SourceQuality "1"]

1. b4 e5 2. Bb2 d6 3. e3 Be6 4. Nf3 a5 5. b5 Nd7 6. Be2 Be7 7. c4 c6 8. d4 Ngf6 9. 0-0 e4 10. Nfd2 0-0 11. Nc3 d5 12. c5 Bf5 13. Rb1 Qc7 14. Na4 cxb5 15. Bxb5 Ng4 16. g3 Rab8 17. Qe2 Ngf6 18. Nb3 Be6 19. Bc3 Ra8 20. Qd2 Bd8 21. Rb2 b6 22. cxb6 Nxb6 23. Bxa5 Qa7 24. Bxb6 Bxb6 25. Nxb6 Qxb6 26. Nc5 Rfb8 27. Rfb1 Qd6 28. a4 h5 29. a5 Ne8 30. Ba4 Rxb2 31. Qxb2 Qe7 32. a6 1-0

[Event "IECG CP.2001.P.00048 email"]
[Site "IECG email"]
[Date "2001.10.01"]
[Round "?"]
[White "Montenegro Chamorro, Jose Antonio"]
[Black "Fels, Bernhard"]
[Result "1-0"]
[WhiteElo "1123"]
[BlackElo "2027"]
[PlyCount "31"]
[EventDate "2001.10.01"]
[EventType "tourn (corr)"]
[EventRounds "6"]
[EventCountry "ARG"]
[SourceTitle "Corr 2024"]
[Source "ChessBase"]
[SourceDate "2023.10.19"]
[SourceVersion "1"]
[SourceVersionDate "2023.10.19"]
[SourceQuality "1"]

1. d4 Nf6 2. Nf3 c5 3. d5 d6 4. c4 e6 5. Nc3 e5 6. e4 Be7 7. Be2 0-0 8. 0-0 Na6 9. Be3 Ng4 10. Bd2 f5 11. Qb3 b6 12. a3 Bd7 13. exf5 Bxf5 14. h3 Nf6 15. Rae1 Nc7 16. Be3 1-0

[Event "IECG C3.2000.0.00152"]
[Site "IECG email"]
[Date "2000.08.14"]
[Round "?"]
[White "Dhooge, Achiel"]
[Black "Montenegro Chamorro, Jose Antonio"]
[Result "1-0"]
[WhiteElo "1158"]
[BlackElo "1000"]
[PlyCount "72"]
[EventDate "2000.08.14"]
[EventType "tourn (corr)"]
[EventRounds "6"]
[SourceTitle "Corr 2008"]
[Source "ChessBase"]
[SourceDate "2008.06.24"]
[SourceVersion "1"]
[SourceVersionDate "2008.06.24"]
[SourceQuality "1"]

1. d4 d5 2. c4 e6 3. Nc3 Nf6 4. cxd5 exd5 5. Bf4 Be7 6. e3 Bf5 7. Qb3 b6 8. Nb5 Na6 9. Qa4 c6 10. Nd6+ Bxd6 11. Qxc6+ Ke7 12. Bxd6+ Qxd6 13. Qxd6+ Kxd6 14. Bxa6 Rhb8 15. a4 Ne8 16. Kd2 Nc7 17. Be2 Re8 18. Nf3 Rac8 19. Rhc1 f6 20. b4 Bd7 21. b5 Ne6 22. Bd3 g6 23. Rxc8 Rxc8 24. h3 Ng7 25. Ra3 Rc7 26. Rc3 Rxc3 27. Kxc3 Ne6 28. g4 Bc8 29. h4 Nf8 30. g5 Bg4 31. Nh2 Bd1 32. Bc2 Bxc2 33. Kxc2 fxg5 34. hxg5 Nd7 35. Kd3 Nf8 36. Ng4 Ne6 1-0

[Event "IECG C3.2000.0.00152"]
[Site "IECG email"]
[Date "2000.08.14"]
[Round "?"]
[White "Montenegro Chamorro, Jose Antonio"]
[Black "Samsel, Michael"]
[Result "1-0"]
[WhiteElo "1000"]
[BlackElo "1345"]
[PlyCount "55"]
[EventDate "2000.08.14"]
[EventType "tourn (corr)"]
[EventRounds "6"]
[SourceTitle "Corr 2008"]
[Source "ChessBase"]
[SourceDate "2008.06.24"]
[SourceVersion "1"]
[SourceVersionDate "2008.06.24"]
[SourceQuality "1"]

1. e4 e5 2. Nf3 Nc6 3. Bb5 a6 4. Ba4 Nf6 5. 0-0 Be7 6. Re1 b5 7. Bb3 0-0 8. c3 d6 9. d4 Bb7 10. Qe2 exd4 11. cxd4 Na5 12. Bc2 Re8 13. a4 b4 14. Bf4 c5 15. Nbd2 d5 16. e5 Nh5 17. Be3 Bc8 18. dxc5 f5 19. Nd4 g6 20. Nxf5 Bxf5 21. Bxf5 Ng7 22. Bd3 d4 23. Bh6 Bxc5 24. Ne4 Rxe5 25. Nf6+ Qxf6 26. Qxe5 Qxe5 27. Rxe5 Nb3 28. Bc4+ 1-0

[Event "IECG C3.2000.0.00152"]
[Site "IECG email"]
[Date "2000.08.14"]
[Round "?"]
[White "Shutov, Andry"]
[Black "Montenegro Chamorro, Jose Antonio"]
[Result "1-0"]
[WhiteElo "1000"]
[BlackElo "1000"]
[PlyCount "65"]
[EventDate "2000.08.14"]
[EventType "tourn (corr)"]
[EventRounds "6"]
[SourceTitle "Corr 2008"]
[Source "ChessBase"]
[SourceDate "2008.06.24"]
[SourceVersion "1"]
[SourceVersionDate "2008.06.24"]
[SourceQuality "1"]

1. e4 c5 2. c3 d5 3. exd5 Qxd5 4. d4 e6 5. Be3 Nd7 6. Nf3 Ngf6 7. c4 Qd6 8. Nc3 a6 9. Bd3 Be7 10. Qe2 b6 11. 0-0 Bb7 12. Rad1 Qc6 13. d5 Qd6 14. Rfe1 0-0 15. Bc1 Rfe8 16. dxe6 Qxe6 17. Qxe6 fxe6 18. Ng5 Nf8 19. Nxe6 Nxe6 20. Rxe6 Bd8 21. Rxe8+ Nxe8 22. Bf5 Nf6 23. Be6+ Kh8 24. Bf4 Ne4 25. Nxe4 Bxe4 26. Bd5 Bxd5 27. cxd5 Kg8 28. Be5 Kf7 29. f4 Ra7 30. Kf2 Rd7 31. Ke3 h5 32. Ke4 g6 33. Rd3 1-0

[Event "IECG TE.1999.P.00108 email"]
[Site "IECG email"]
[Date "1999.11.01"]
[Round "?"]
[White "Fabri, Peter"]
[Black "Montenegro Chamorro, Jose Antonio"]
[Result "1-0"]
[WhiteElo "1668"]
[BlackElo "1000"]
[PlyCount "67"]
[EventDate "1999.11.01"]
[EventType "tourn (corr)"]
[EventRounds "8"]
[SourceTitle "Corr 2008"]
[Source "ChessBase"]
[SourceDate "2008.06.24"]
[SourceVersion "1"]
[SourceVersionDate "2008.06.24"]
[SourceQuality "1"]

1. d4 Nf6 2. c4 g6 3. Nc3 Bg7 4. e4 d6 5. f3 0-0 6. Be3 Nc6 7. Nge2 a6 8. g4 e5 9. d5 Ne7 10. h4 c5 11. h5 Bd7 12. Ng3 Re8 13. h6 Bh8 14. g5 Nh5 15. Nxh5 gxh5 16. Qb3 Qc7 17. Bh3 Ng6 18. Bxd7 Qxd7 19. Na4 Rab8 20. Nb6 Qd8 21. Rxh5 f6 22. 0-0-0 Rf8 23. Rg1 f5 24. Bd2 fxe4 25. fxe4 Qe7 26. Rhh1 Rf7 27. Qh3 Rbf8 28. Rg3 Qd8 29. Rb3 Rf2 30. Qe6+ R8f7 31. Be3 R2f3 32. Re1 Kf8 33. Nc8 Rd7 34. Bxc5 1-0

[Event "IECG TE.1999.P.00108 email"]
[Site "IECG email"]
[Date "1999.11.01"]
[Round "?"]
[White "MacArthur, John"]
[Black "Montenegro Chamorro, Jose Antonio"]
[Result "1-0"]
[WhiteElo "2190"]
[BlackElo "1000"]
[PlyCount "53"]
[EventDate "1999.11.01"]
[EventType "tourn (corr)"]
[EventRounds "8"]
[SourceTitle "Corr 2008"]
[Source "ChessBase"]
[SourceDate "2008.06.24"]
[SourceVersion "1"]
[SourceVersionDate "2008.06.24"]
[SourceQuality "1"]

1. d4 Nf6 2. c4 g6 3. Nc3 Bg7 4. e4 d6 5. f3 0-0 6. Be3 Nc6 7. Qd2 a6 8. Rb1 e6 9. b4 e5 10. d5 Nd4 11. Nge2 Nxe2 12. Bxe2 Ne8 13. 0-0 f5 14. c5 f4 15. Bf2 g5 16. b5 Nf6 17. bxa6 bxa6 18. cxd6 cxd6 19. Rb6 g4 20. Rfb1 gxf3 21. Bxf3 Bg4 22. Rc6 Bxf3 23. gxf3 Ne8 24. Kh1 Kh8 25. Qe2 a5 26. Rb7 Rc8 27. Bb6 1-0

[Event "IECG TE.1999.P.00108 email"]
[Site "IECG email"]
[Date "1999.11.01"]
[Round "?"]
[White "Surender, Anil"]
[Black "Montenegro Chamorro, Jose Antonio"]
[Result "1-0"]
[WhiteElo "1942"]
[BlackElo "1000"]
[PlyCount "41"]
[EventDate "1999.11.01"]
[EventType "tourn (corr)"]
[EventRounds "8"]
[SourceTitle "Corr 2008"]
[Source "ChessBase"]
[SourceDate "2008.06.24"]
[SourceVersion "1"]
[SourceVersionDate "2008.06.24"]
[SourceQuality "1"]

1. d4 Nf6 2. c4 g6 3. Nc3 Bg7 4. e4 d6 5. f3 0-0 6. Be3 Nc6 7. Nge2 a6 8. Qd2 Re8 9. h4 h5 10. 0-0-0 b5 11. Nd5 bxc4 12. Nxf6+ Bxf6 13. g4 e5 14. gxh5 gxh5 15. d5 Nd4 16. Nxd4 exd4 17. Bxd4 Bxd4 18. Qxd4 Kh7 19. Rg1 Rg8 20. Bxc4 Bd7 21. Bd3 1-0